Welcome to CU Library Online Public Access Catalogue (OPAC)

Taxmann's Financial accounting for managers (Record no. 3944)

MARC details
000 -LEADER
fixed length control field 00461nam a22001697a 4500
005 - DATE AND TIME OF LATEST TRANSACTION
control field 20250218132520.0
008 - FIXED-LENGTH DATA ELEMENTS--GENERAL INFORMATION
fixed length control field 250218b |||||||| |||| 00| 0 eng d
020 ## - INTERNATIONAL STANDARD BOOK NUMBER
International Standard Book Number 9788171945566
050 ## - LIBRARY OF CONGRESS CALL NUMBER
Classification number HF5636
Item number .G46 GHO
100 ## - MAIN ENTRY--PERSONAL NAME
Personal name Ghosh, T. P.
245 ## - TITLE STATEMENT
Title Taxmann's Financial accounting for managers
250 ## - EDITION STATEMENT
Edition statement 4th
260 ## - PUBLICATION, DISTRIBUTION, ETC.
Place of publication, distribution, etc. New Delhi
Name of publisher, distributor, etc. Taxmann Publications Ltd
Date of publication, distribution, etc. c2009
300 ## - PHYSICAL DESCRIPTION
Extent 743p;
Other physical details ill.;
500 ## - GENERAL NOTE
General note includes subject index
942 ## - ADDED ENTRY ELEMENTS (KOHA)
Source of classification or shelving scheme Library of Congress Classification
Koha item type Books
Suppress in OPAC No
999 ## -
-- 3944
-- 3944
Holdings
Withdrawn status Lost status Source of classification or shelving scheme Damaged status Not for loan Collection Home library Current library Shelving location Date acquired Total checkouts Full call number Barcode Date last seen Copy number Price effective from Koha item type
    Library of Congress Classification     Non-fiction Business Library (Miotso) Business Library (Miotso) General stacks 04/15/2026   HF5636.G46 GHO BSSM00003162 04/15/2026 1 04/15/2026 Books
    Library of Congress Classification     Non-fiction Business Library (Miotso) Business Library (Miotso) General stacks 04/15/2026   HF5636.G46 GHO BSSM00003163 04/15/2026 2 04/15/2026 Books
    Library of Congress Classification     Non-fiction Undergraduate Library (Christ Temple) Undergraduate Library (Christ Temple) General stacks 02/18/2025   HF5636.G46 GHO 9788171945566 02/18/2025 1 02/18/2025 Books
    Library of Congress Classification     Non-fiction Undergraduate Library (Christ Temple) Undergraduate Library (Christ Temple) General stacks 02/18/2025   HF5636.G46 GHO 9788171945567 02/18/2025 2 02/18/2025 Books
    Library of Congress Classification     Non-fiction Undergraduate Library (Christ Temple) Undergraduate Library (Christ Temple) General stacks 02/18/2025   HF5636.G46 GHO ulct00001270 02/18/2025 1 02/18/2025 Books
    Library of Congress Classification     Non-fiction Undergraduate Library (Christ Temple) Undergraduate Library (Christ Temple) General stacks 02/18/2025   HF5636.G46 GHO ulct00001271 02/18/2025 2 02/18/2025 Books
© 2023-2024 Copyright: Central University Libraries. All Rights Reserved | Created by: Mahone Tech Office